Normal view
MARC view
Entry Personal Name
001 - CONTROL NUMBER
- control field: 1066588
003 - CONTROL NUMBER IDENTIFIER
- control field: OSt
005 - DATE AND TIME OF LATEST TRANSACTION
- control field: 20260121170646.0
008 - FIXED-LENGTH DATA ELEMENTS
- fixed length control field: 260121|| aca||aabn | a|a d
040 ## - CATALOGING SOURCE
- Original cataloging agency: OSt
- Transcribing agency: OSt
100 ## - HEADING--PERSONAL NAME
- Personal name: Marcos André Torres de Souza, Diogo Menezes Costa
670 ## - SOURCE DATA FOUND
- Source citation: Work cat.: (OSt)1632318: Marcos André Torres de Souza, Diogo Menezes Costa, Historical Archaeology and Environment
